Phân tích các nhân tố ảnh hưởng đến việc thu hút vốn đầu tư trực tiếp nước ngoài vào các tỉnh khu vực ĐBSCL : Luận văn Thạc sĩ Kinh tế. Chuyên ngành Quản trị kinh doanh

Đề tài nghiên cứu nhằm đánh giá thực trạng thu hút FDI tại các tỉnh của ĐBSCL và các nhân tố ảnh hưởng đến việc thu hút dòng vốn này, Từ đó, đề xuất các giải pháp nâng cao khả năng việc thu hút vốn vào vùng đồng bằng sông Cửu Long....

Deskribapen osoa

Gorde:
Xehetasun bibliografikoak
Egile nagusia: Tạ, Thúy
Formatua: Liburua
Hizkuntza:Undetermined
Argitaratua: Cần Thơ Trường Đại học Cần Thơ 2015
Gaiak:
Etiketak: Etiketa erantsi
Etiketarik gabe, Izan zaitez lehena erregistro honi etiketa jartzen!
Thư viện lưu trữ: Trung tâm Học liệu Trường Đại học Cần Thơ
LEADER 01253nam a2200217Ia 4500
001 CTU_201104
008 210402s9999 xx 000 0 und d
082 |a 332.673 
082 |b Th523 
088 |a 60340102 
100 |a Tạ, Thúy 
245 0 |a Phân tích các nhân tố ảnh hưởng đến việc thu hút vốn đầu tư trực tiếp nước ngoài vào các tỉnh khu vực ĐBSCL : 
245 0 |b Luận văn Thạc sĩ Kinh tế. Chuyên ngành Quản trị kinh doanh 
245 0 |c Tạ Thúy ; Huỳnh Trường Huy (Cán bộ hướng dẫn) 
260 |a Cần Thơ 
260 |b Trường Đại học Cần Thơ 
260 |c 2015 
520 |a Đề tài nghiên cứu nhằm đánh giá thực trạng thu hút FDI tại các tỉnh của ĐBSCL và các nhân tố ảnh hưởng đến việc thu hút dòng vốn này, Từ đó, đề xuất các giải pháp nâng cao khả năng việc thu hút vốn vào vùng đồng bằng sông Cửu Long. 
650 |a Investments, foreign,Đầu tư nước ngoài 
910 |a Khoa, Hải 
980 |a Trung tâm Học liệu Trường Đại học Cần Thơ